| 000 | 01258cad a22002415a 4500 | ||
|---|---|---|---|
| 001 | L160076 | ||
| 008 | 120529s2011 xxk g 000 0 eng d | ||
| 035 | _a(Sirsi) u160076 | ||
| 041 | 0 | _aeng | |
| 110 | _aFederation International Des Geometres | ||
| 111 | 2 |
_aFIG Working Week 2011 _bMarrakech, Morocco _c18-22 May 2011 |
|
| 245 | 0 | 0 |
_aSustainability and Property Taxation _bpresentation to FIG _h[electronic resource] |
| 260 |
_aMorocco _bFIG _c2011 |
||
| 520 | _aDiscusses sustainability in the context of property taxation. It opines that sustainability in property taxation should be considered from three perspectives ? the sustainability of the tax object (land and buildings); the sustainability of the tax system itself; and the sustainability of the uses to which the yield from property taxation are put. | ||
| 650 | 2 | 4 | _aPROPERTY-PROPERTY TAXATION |
| 651 | 4 | _aUnited Kingdom | |
| 690 |
_aSustainability _96271 |
||
| 700 | 1 | _aPlimmer, Frances | |
| 700 | 1 | _aMcCluskey, William | |
| 856 | 4 | 0 |
_uhttps://www.rics.org/Global/Downloads/RICS_FIG_Sustainability_and_Property_Taxation_pdf.pdf _zView the presentation free of charge at www.rics.org |
| 856 | 4 | 0 |
_uhttps://www.fig.net/fig2011/ _zView the item free of charge at www.fig.net |
| 942 | _n0 | ||
| 999 |
_c116193 _d116193 |
||